| 000 | 00407nam a22001697a 4500 | ||
|---|---|---|---|
| 003 | MPLRDC | ||
| 005 | 20220104113719.0 | ||
| 008 | 210129b ||||| |||| 00| 0 eng d | ||
| 082 | _a857.621 NK-40 C.2 | ||
| 100 | _a倪匡 | ||
| 245 |
_a倪匡传奇 _c |
||
| 250 | _a初版 | ||
| 260 |
_a _b香港周刊出版社有限公 _c1985 |
||
| 300 | _b平 | ||
| 650 | _a人物传记 | ||
| 942 |
_cBK _o857.621 NK-40 C.2 |
||
| 999 |
_c1778 _d1768 |
||